[Event "Donau Open "]
[Site "Wien 10"]
[Date "1999.05.11"]
[Round "4.3"]
[White "Petran, Peter"]
[Black "Forthoffer, Patrik"]
[Result "1/2-1/2"]
[WhiteElo "2433"]
[BlackElo "2300"]
[PlyCount "122"]
[EventDate "1999.05.11"]

1. g3 g6 2. Bg2 Bg7 3. e4 e5 4. Ne2 Nc6 5. c3 Nh6 6. d4 d6 7. O-O O-O 8. d5 Ne7
9. c4 f5 10. exf5 gxf5 11. f4 Nf7 12. Nbc3 Ng6 13. Be3 exf4 14. Nxf4 Nxf4 15.
gxf4 Bd7 16. Rf3 Nh8 17. Rg3 Ng6 18. Qd2 Qf6 19. c5 dxc5 20. Bxc5 Rfe8 21. Rd1
Kh8 22. Qf2 Qh4 23. d6 c6 24. Bd4 Rg8 25. Ne2 a6 26. Rg5 Rae8 27. Rg3 Re6 28.
Kh1 Bf6 29. Bf1 c5 30. Rxg6 cxd4 31. Rxg8+ Kxg8 32. Qxh4 Bxh4 33. Rxd4 Bf2 34.
Rd2 Be3 35. Rd1 Bc5 36. Nc3 Rxd6 37. Bc4+ Kf8 38. Bd5 b5 39. Bb7 Rxd1+ 40. Nxd1
Bd4 41. Kg2 a5 42. b3 Ke7 43. Nf2 Kd6 44. Nd3 Be6 45. Kf3 Bc3 46. Ke3 b4 47.
Nc1 Bd7 48. Ba6 Be6 49. Ne2 Bb2 50. Bd3 Kc5 51. Kd2 a4 52. bxa4 Bxa2 53. Bxf5
h6 54. Kc2 Bf6 55. Nc1 Bd5 56. Nb3+ Bxb3+ 57. Kxb3 Bd8 58. Bd3 Bc7 59. f5 Bxh2
60. f6 Be5 61. f7 Bd6 1/2-1/2

[Event "Donau Open "]
[Site "Wien 10"]
[Date "1999.05.11"]
[Round "4.4"]
[White "Weinzettl, Ernst"]
[Black "Gruber, Reinhold"]
[Result "1-0"]
[WhiteElo "2420"]
[BlackElo "2158"]
[PlyCount "63"]
[EventDate "1999.05.11"]

1. Nf3 Nf6 2. d4 g6 3. Nc3 d5 4. Bf4 Bg7 5. e3 Bg4 6. h3 Bxf3 7. Qxf3 O-O 8. g4
c6 9. Bd3 Nfd7 10. Qg3 Re8 11. Bc7 Qc8 12. O-O-O e5 13. Bd6 Re6 14. Ba3 b5 15.
f4 exd4 16. exd4 Bxd4 17. Rhe1 Rxe1 18. Rxe1 Na6 19. Bd6 Nac5 20. f5 Qd8 21.
Ne2 Bf6 22. Rf1 Nxd3+ 23. cxd3 Bh4 24. Qf3 Qe8 25. Kb1 Ne5 26. Bxe5 Qxe5 27.
fxg6 fxg6 28. Qf7+ Kh8 29. Qb7 Rb8 30. Qxa7 Re8 31. Rf7 Be7 32. Qd7 1-0

[Event "Donau Open "]
[Site "Wien 10"]
[Date "1999.05.11"]
[Round "4.5"]
[White "Schroll, Gerhard"]
[Black "Alvir, Aco"]
[Result "1-0"]
[WhiteElo "2371"]
[BlackElo "2408"]
[PlyCount "30"]
[EventDate "1999.05.11"]

1. d4 Nf6 2. c4 g6 3. Nc3 Bg7 4. e4 d6 5. Nf3 O-O 6. Be2 Bg4 7. Be3 Nc6 8. d5
Bxf3 9. gxf3 Nb8 10. Qd2 c6 11. h4 Nbd7 12. O-O-O Qa5 13. Kb1 Rfc8 14. Rc1 Ne5
15. f4 Neg4 1-0

[Event "Donau Open "]
[Site "Wien 10"]
[Date "1999.05.11"]
[Round "4.6"]
[White "Steiner, Bruno"]
[Black "Kuciel, Wladyslaw"]
[Result "1-0"]
[WhiteElo "2175"]
[BlackElo "2154"]
[PlyCount "45"]
[EventDate "1999.05.11"]

1. e4 c5 2. Nf3 d6 3. Bb5+ Nc6 4. O-O Bd7 5. Re1 g6 6. b3 Bg7 7. c3 Nf6 8. Bb2
a6 9. Bf1 O-O 10. h3 Rc8 11. Na3 b5 12. Nc2 Na5 13. d4 c4 14. Nb4 Bc6 15. bxc4
Nxc4 16. Bxc4 bxc4 17. Nxc6 Rxc6 18. Qa4 Qa8 19. Ba3 Nd7 20. Rab1 f5 21. e5 a5
22. d5 Nc5 23. Qxc6 1-0

[Event "Donau Open "]
[Site "Wien 10"]
[Date "1999.05.11"]
[Round "4.7"]
[White "Posch, Werner"]
[Black "Balinov, Ilia"]
[Result "1/2-1/2"]
[WhiteElo "2292"]
[BlackElo "2434"]
[PlyCount "81"]
[EventDate "1999.05.11"]

1. e4 c5 2. Nc3 Nc6 3. g3 g6 4. Bg2 Bg7 5. d3 d6 6. Be3 Nf6 7. h3 O-O 8. f4 e5
9. Nge2 Rb8 10. O-O exf4 11. Nxf4 b5 12. a3 a5 13. Rb1 b4 14. axb4 axb4 15.
Ncd5 Nxd5 16. Nxd5 Be6 17. Nf4 Qd7 18. Qd2 Ra8 19. Nxe6 Qxe6 20. e5 Ra6 21.
exd6 Qxd6 22. Qf2 Nd4 23. Kh2 Ra2 24. Bf4 Qd7 25. Rfe1 b3 26. c3 Ne6 27. Be5
Bxe5 28. Rxe5 Qxd3 29. Rf1 Qd6 30. Rd5 Qb6 31. Rd7 Ra7 32. Rxa7 Qxa7 33. Bd5
Rb8 34. Qf6 Rb6 35. h4 Qd7 36. h5 Qxd5 37. Qxf7+ Kh8 38. Qf6+ Kg8 39. Qf7+ Kh8
40. Qf6+ Kg8 41. Qf7+ 1/2-1/2

[Event "Donau Open "]
[Site "Wien 10"]
[Date "1999.05.11"]
[Round "4.9"]
[White "Kujovic, Michal"]
[Black "Krpelan, Wolfgang"]
[Result "1/2-1/2"]
[WhiteElo "2346"]
[BlackElo "2190"]
[PlyCount "47"]
[EventDate "1999.05.11"]

1. e4 c6 2. d4 g6 3. f4 d5 4. e5 h5 5. Nd2 Bg4 6. Ndf3 Nh6 7. Qd3 Qb6 8. Ng5
Bf5 9. Qd2 Na6 10. c3 Nc7 11. N1f3 f6 12. Nh3 Be4 13. Nh4 c5 14. Nf2 cxd4 15.
Nxe4 dxe4 16. Qxd4 Qxd4 17. cxd4 Rg8 18. Bc4 e6 19. exf6 Nd5 20. O-O Nf5 21.
Nxf5 gxf5 22. Bd2 Kf7 23. Rac1 Bd6 24. Bxd5 1/2-1/2

[Event "Donau Open "]
[Site "Wien 10"]
[Date "1999.05.11"]
[Round "4.10"]
[White "Groetz, Harald"]
[Black "Dueckstein, Andreas"]
[Result "1/2-1/2"]
[WhiteElo "2161"]
[BlackElo "2336"]
[PlyCount "63"]
[EventDate "1999.05.11"]

1. e4 e6 2. d3 d5 3. Nd2 Nc6 4. g3 Nf6 5. Bg2 dxe4 6. Nxe4 Be7 7. Ne2 e5 8. O-O
Nxe4 9. Bxe4 Bg4 10. Be3 O-O 11. Bg2 Qd7 12. Re1 Nd4 13. Bxd4 exd4 14. h3 Bxh3
15. Bxh3 Qxh3 16. Nxd4 Bf6 17. Re4 Rae8 18. Qe2 Qd7 19. Nf3 Qb5 20. c4 Rxe4 21.
dxe4 Qh5 22. Kg2 Re8 23. Rd1 g6 24. Rd7 Qg4 25. Rxc7 Rxe4 26. Qd3 Qe6 27. Rxb7
Rxc4 28. Rxa7 Qc6 29. Rd7 Bxb2 30. Rd6 Qc5 31. Rd5 Qc6 32. Rd6 1/2-1/2

[Event "Donau Open "]
[Site "Wien 10"]
[Date "1999.05.11"]
[Round "4.11"]
[White "Mahdy, Khaled"]
[Black "Krasser, Margit"]
[Result "1-0"]
[WhiteElo "2332"]
[BlackElo "2180"]
[PlyCount "62"]
[EventDate "1999.05.11"]

1. e4 d5 2. exd5 Nf6 3. d4 Nxd5 4. c4 Nb6 5. c5 Nd5 6. Bc4 g6 7. Nc3 c6 8. Qb3
Bg7 9. Nf3 O-O 10. O-O Nxc3 11. bxc3 b5 12. cxb6 axb6 13. Re1 Ba6 14. Bf4 Bxc4
15. Qxc4 b5 16. Qb4 Re8 17. a4 Na6 18. Qb3 Nc7 19. Bg3 bxa4 20. Rxa4 Rxa4 21.
Qxa4 Nb5 22. Qb4 e6 23. Be5 Bf8 24. Qb3 Qa5 25. c4 Qa3 26. Qc2 Nd6 27. c5 Nf5
28. Qe4 Qa5 29. h4 Rd8 30. g4 Ng7 31. Qf4 Rd7 1-0

[Event "Donau Open "]
[Site "Wien 10"]
[Date "1999.05.11"]
[Round "4.15"]
[White "Wallner, Joachim"]
[Black "Angerer, Michael"]
[Result "1-0"]
[WhiteElo "2290"]
[BlackElo "2054"]
[PlyCount "63"]
[EventDate "1999.05.11"]

1. e4 e6 2. d4 d5 3. Nd2 Nf6 4. e5 Nfd7 5. f4 c5 6. c3 Nc6 7. Ndf3 a6 8. Bd3
cxd4 9. cxd4 f5 10. exf6 Qxf6 11. Ne2 Bd6 12. O-O b5 13. Bd2 Nb6 14. b3 Bd7 15.
Ne5 Rc8 16. a4 bxa4 17. Bxa6 Rc7 18. bxa4 O-O 19. a5 Nc4 20. Bxc4 dxc4 21. Bc3
Ne7 22. a6 Ra8 23. Ba5 Bb5 24. Bxc7 Bxc7 25. Nc3 Bxa6 26. Ne4 Qf8 27. Nc5 Qc8
28. Qh5 g6 29. Qg5 Bd8 30. Qf6 c3 31. Qf7+ Kh8 32. Qf8+ 1-0

[Event "Donau Open "]
[Site "Wien 10"]
[Date "1999.05.11"]
[Round "4.17"]
[White "Somasundram, Jayakumar"]
[Black "Boehm, Gerhard"]
[Result "1-0"]
[WhiteElo "2057"]
[BlackElo "2192"]
[PlyCount "53"]
[EventDate "1999.05.11"]

1. e4 g6 2. d4 Bg7 3. Nf3 d6 4. h3 Nc6 5. Be3 e5 6. Nc3 Bd7 7. Qd2 f5 8. dxe5
Nxe5 9. Nxe5 Bxe5 10. O-O-O Ne7 11. f4 Bg7 12. Bd4 Bxd4 13. Qxd4 Rf8 14. e5 Nc6
15. Qe3 dxe5 16. fxe5 f4 17. Qe4 Qg5 18. e6 Bc8 19. Bb5 Qc5 20. Nd5 Rb8 21.
Nxc7+ Ke7 22. Nd5+ Ke8 23. b4 Qf2 24. e7 Bf5 25. Bxc6+ bxc6 26. exf8=Q+ Kxf8
27. Qe7+ 1-0

[Event "Donau Open "]
[Site "Wien 10"]
[Date "1999.05.12"]
[Round "5.1"]
[White "Stanec, Nikolaus"]
[Black "Weinzettl, Ernst"]
[Result "1/2-1/2"]
[WhiteElo "2476"]
[BlackElo "2420"]
[PlyCount "22"]
[EventDate "1999.05.12"]

1. e4 e6 2. d4 d5 3. Nd2 c5 4. exd5 Qxd5 5. Ngf3 cxd4 6. Bc4 Qd6 7. O-O Nf6 8.
Nb3 Nc6 9. Nbxd4 Nxd4 10. Qxd4 Qxd4 11. Nxd4 Bd7 1/2-1/2

[Event "Donau Open "]
[Site "Wien 10"]
[Date "1999.05.12"]
[Round "5.2"]
[White "Schroll, Gerhard"]
[Black "Lau, Ralph"]
[Result "0-1"]
[WhiteElo "2371"]
[BlackElo "2453"]
[PlyCount "44"]
[EventDate "1999.05.12"]

1. d4 Nf6 2. c4 e6 3. Nf3 b6 4. g3 Ba6 5. Qb3 Nc6 6. Nbd2 Na5 7. Qa4 c5 8. Bh3
Bb7 9. O-O Be7 10. Re1 O-O 11. e4 cxd4 12. Nxd4 Nc6 13. Nxc6 Bxc6 14. Qc2 d6
15. Qd3 Qc7 16. b3 Rfd8 17. Ba3 a6 18. Rac1 Qb7 19. Qc2 Rac8 20. Bg2 Qa8 21.
Bf1 Bb7 22. e5 22... dxe5 {Rest nicht lesbar} 0-1

[Event "Donau Open "]
[Site "Wien 10"]
[Date "1999.05.12"]
[Round "5.3"]
[White "Tibensky, Robert"]
[Black "Steiner, Bruno"]
[Result "0-1"]
[WhiteElo "2427"]
[BlackElo "2175"]
[PlyCount "150"]
[EventDate "1999.05.12"]

1. d4 d5 2. c4 e6 3. Nf3 c6 4. Nbd2 Nf6 5. e3 Nbd7 6. Bd3 Be7 7. O-O O-O 8. Qe2
c5 9. b3 b6 10. Bb2 Bb7 11. Rfd1 Rc8 12. Ne5 cxd4 13. exd4 dxc4 14. bxc4 Nxe5
15. dxe5 Nd7 16. Nf1 g6 17. Ne3 Qc7 18. Ng4 Nc5 19. Bc2 Qc6 20. f3 Na4 21. Bb3
Nxb2 22. Qxb2 Rfd8 23. Kh1 Qc5 24. Rd2 Rxd2 25. Qxd2 Rd8 26. Qe2 Ba6 27. h3 Qb4
28. Rc1 Qd2 29. Nf6+ Kg7 30. Qxd2 Rxd2 31. Ne4 Ba3 32. Rc3 Bb2 33. Re3 Bd4 34.
Re1 Rd3 35. Nd6 Bf2 36. Re2 Bg3 37. Ne4 Bf4 38. Re1 Rd4 39. Nd6 Bg3 40. Re2 h5
41. Kg1 Kf8 42. Kf1 Ke7 43. Nb5 Bxb5 44. cxb5 Rb4 45. Rc2 Rxb5 46. Ke2 Rxe5+
47. Kd3 Re1 48. Kc4 a6 49. a4 h4 50. Kd3 Rd1+ 51. Ke2 Rb1 52. Bc4 b5 53. axb5
axb5 54. Ba2 Ra1 55. Kd3 b4 56. Bb3 Rd1+ 57. Rd2 Rb1 58. Ba2 Ra1 59. Bb3 Be5
60. Ra2 Rg1 61. Ke3 Bc3 62. Re2 Ra1 63. Ra2 Re1+ 64. Re2 Ra1 65. Ra2 Rb1 66.
Bc2 Re1+ 67. Kd3 f5 68. Bb3 e5 69. Ra7+ Kf6 70. Ra6+ Kg7 71. Ba4 Rg1 72. g4
hxg3 73. Be8 g2 74. Rxg6+ Kf8 75. Ba4 Ra1 0-1

[Event "Donau Open "]
[Site "Wien 10"]
[Date "1999.05.12"]
[Round "5.4"]
[White "Kummer, Helmut"]
[Black "Petran, Peter"]
[Result "0-1"]
[WhiteElo "2321"]
[BlackElo "2433"]
[PlyCount "118"]
[EventDate "1999.05.12"]

1. d4 g6 2. c4 Bg7 3. Nc3 d6 4. e4 Nc6 5. Be3 e5 6. Nge2 Nh6 7. f3 f5 8. Qd2
Nf7 9. d5 Ne7 10. O-O-O O-O 11. Kb1 c5 12. dxc6 Nxc6 13. Nb5 fxe4 14. fxe4 Bg4
15. h3 Bxe2 16. Bxe2 Qh4 17. Bf3 Rfd8 18. Nc7 Rab8 19. Ne6 Re8 20. Nxg7 Kxg7
21. Rc1 b6 22. Rhd1 Rb7 23. Qd5 Rc7 24. Qd2 Ncd8 25. Bf2 Qf6 26. Rf1 Ne6 27.
Bg4 Qe7 28. Bxe6 Qxe6 29. b3 Qe7 30. Qe1 Rf8 31. Bh4 g5 32. Bf2 Nd8 33. Be3
Rxf1 34. Qxf1 Qf6 35. Qxf6+ Kxf6 36. Rf1+ Kg6 37. Rf8 Ne6 38. Re8 Kf6 39. g3 h5
40. Kb2 Rh7 41. Ra8 h4 42. gxh4 gxh4 43. Rg8 Ke7 44. Rg4 Rf7 45. Rxh4 Rf3 46.
Bd2 Nc5 47. Bb4 Rf2+ 48. Kb1 Rf1+ 49. Kc2 Rf2+ 50. Bd2 a5 51. Rg4 Re2 52. Kd1
Rh2 53. h4 Kd7 54. Be3 Kc6 55. Bg1 Rh1 56. Ke2 Nxe4 57. Kf3 Nf6 58. Rg6 Nh5 59.
Bf2 Ra1 0-1

[Event "Donau Open "]
[Site "Wien 10"]
[Date "1999.05.12"]
[Round "5.5"]
[White "Forthoffer, Patrik"]
[Black "Mahdy, Khaled"]
[Result "1/2-1/2"]
[WhiteElo "2300"]
[BlackElo "2332"]
[PlyCount "73"]
[EventDate "1999.05.12"]

1. d4 Nf6 2. Nf3 c5 3. d5 g6 4. Nc3 Bg7 5. e4 O-O 6. a4 d6 7. Be2 Na6 8. O-O
Nc7 9. Bf4 b6 10. Re1 Bb7 11. Bc4 a6 12. Qd3 Nd7 13. Rad1 f6 14. h3 Kh8 15. Rb1
Rc8 16. Qd2 Ne5 17. Nxe5 fxe5 18. Be3 Ne8 19. Qe2 a5 20. Ba6 Bxa6 21. Qxa6 Nf6
22. f3 Ra8 23. Qb5 Nh5 24. Ne2 Nf4 25. c3 Rb8 26. Bxf4 exf4 27. b4 axb4 28.
cxb4 Qc7 29. Rec1 Qa7 30. Rc2 g5 31. Ra2 Rfc8 32. Kh2 Bf6 33. Kh1 Qc7 34. Rc2
Qa7 35. Ra2 Qc7 36. Rc2 Qa7 37. Ra2 1/2-1/2

[Event "Donau Open "]
[Site "Wien 10"]
[Date "1999.05.12"]
[Round "5.6"]
[White "Balinov, Ilia"]
[Black "Novak, Ivan"]
[Result "1-0"]
[WhiteElo "2434"]
[BlackElo "2296"]
[PlyCount "37"]
[EventDate "1999.05.12"]

1. d4 d6 2. g3 e5 3. dxe5 dxe5 4. Qxd8+ Kxd8 5. Nc3 Nc6 6. Bg5+ f6 7. O-O-O+
Bd7 8. Bh3 Nb8 9. Be3 Kc8 10. f4 Bxh3 11. Nxh3 Nc6 12. fxe5 Nxe5 13. Nf4 b6 14.
Ne6 Kb7 15. Bf4 Re8 16. Nd8+ Kc8 17. Nb5 Bd6 18. Bxe5 Rxd8 19. Bxd6 1-0

[Event "Donau Open "]
[Site "Wien 10"]
[Date "1999.05.12"]
[Round "5.8"]
[White "Gross, Georg"]
[Black "Groetz, Harald"]
[Result "1/2-1/2"]
[WhiteElo "2360"]
[BlackElo "2161"]
[PlyCount "104"]
[EventDate "1999.05.12"]

1. d4 Nf6 2. Nf3 g6 3. g3 Bg7 4. Bg2 O-O 5. O-O d6 6. c4 Nbd7 7. Qc2 e5 8. Rd1
Qe7 9. h3 c6 10. dxe5 dxe5 11. e4 Nc5 12. Nc3 Nfd7 13. Rb1 a5 14. b3 Re8 15.
Ba3 Qf6 16. Qc1 Ne6 17. Na4 b5 18. cxb5 cxb5 19. Nc3 b4 20. Nd5 Qd8 21. Bb2 Bb7
22. Qe3 Qb8 23. Rbc1 Ndf8 24. h4 h6 25. Bf1 Ba6 26. Bh3 Kh7 27. Bxe6 Nxe6 28.
Nb6 Nd4 29. Nd7 Qa7 30. Nxd4 Qxd7 31. Nf5 Qa7 32. Qxa7 Rxa7 33. Nxg7 Kxg7 34.
Rc5 Be2 35. Re1 Bg4 36. Bxe5+ Kh7 37. Rc7 Re7 38. Rxa7 Rxa7 39. Kg2 a4 40. f3
Be6 41. Rd1 Rd7 42. Rxd7 Bxd7 43. bxa4 Bxa4 44. Kf2 Bd7 45. Ke3 Be6 46. Bd6
Bxa2 47. Bxb4 f6 48. g4 h5 49. Bc3 f5 50. gxf5 gxf5 51. e5 Kg6 52. Bb4 Bb3
1/2-1/2

[Event "Donau Open "]
[Site "Wien 10"]
[Date "1999.05.12"]
[Round "5.9"]
[White "Kuciel, Wladyslaw"]
[Black "Kujovic, Michal"]
[Result "1-0"]
[WhiteElo "2154"]
[BlackElo "2346"]
[PlyCount "107"]
[EventDate "1999.05.12"]

1. e4 e5 2. Nf3 Nf6 3. Nc3 d6 4. d4 exd4 5. Nxd4 Be7 6. Be2 O-O 7. O-O Nbd7 8.
Nf5 Nc5 9. Nxe7+ Qxe7 10. Bg5 Ncxe4 11. Nxe4 Qxe4 12. Bxf6 gxf6 13. Re1 Re8 14.
Qd2 Qg6 15. Qd5 Re5 16. Qf3 Qxc2 17. Qxf6 Be6 18. Bf1 Qg6 19. Qe7 Rg5 20. Re3
Bd5 21. g3 Bc6 22. Bc4 Rg4 23. Bd3 Qg5 24. f4 Qg7 25. Rd1 Qxb2 26. Re2 Qd4+ 27.
Kf1 Rg6 28. Bc2 Qc4 29. Bb3 Qc3 30. Bxf7+ Kh8 31. Bxg6 hxg6 32. Qe3 Qc4 33. Kf2
Re8 34. Qd4+ Qxd4+ 35. Rxd4 Rxe2+ 36. Kxe2 Kg7 37. g4 Kf6 38. h4 Bd7 39. Kf3 d5
40. Rd2 c5 41. Rh2 Be8 42. Re2 Bc6 43. Re5 d4+ 44. Ke2 b6 45. g5+ Kf7 46. f5
Bb5+ 47. Kd2 gxf5 48. Rxf5+ Kg7 49. Re5 Kf7 50. h5 Bc4 51. h6 Bxa2 52. h7 Kg7
53. Re7+ Kh8 54. g6 1-0

[Event "Donau Open "]
[Site "Wien 10"]
[Date "1999.05.12"]
[Round "5.10"]
[White "Dueckstein, Andreas"]
[Black "Somasundram, Jayakumar"]
[Result "1-0"]
[WhiteElo "2336"]
[BlackElo "2057"]
[PlyCount "74"]
[EventDate "1999.05.12"]

1. e4 c5 2. Nf3 Nc6 3. Bb5 g6 4. c3 Bg7 5. d4 Qb6 6. Bxc6 bxc6 7. dxc5 Qxc5 8.
O-O Nf6 9. Qc2 e5 10. Be3 Qe7 11. h3 h6 12. Nbd2 O-O 13. Rfe1 Nh7 14. Rad1 d6
15. Nc4 d5 16. exd5 cxd5 17. Ncxe5 Bf5 18. Qc1 Bxe5 19. Bxh6 f6 20. Bxf8 Rxf8
21. Nxe5 fxe5 22. Rxd5 e4 23. Qe3 Qh4 24. Red1 Ng5 25. Qg3 Qxg3 26. fxg3 Nf7
27. R5d4 Re8 28. Kf2 Ne5 29. g4 Bc8 30. Rxe4 Rf8+ 31. Kg3 Nf7 32. Re7 Ba6 33.
b3 Kg7 34. c4 Kf6 35. Rxa7 Bc8 36. Rc7 Ke5 37. Rf1 37... Be6 {Rest unlesbar}
1-0

[Event "Donau Open "]
[Site "Wien 10"]
[Date "1999.05.12"]
[Round "5.12"]
[White "Krpelan, Wolfgang"]
[Black "Posch, Werner"]
[Result "0-1"]
[WhiteElo "2190"]
[BlackElo "2292"]
[PlyCount "106"]
[EventDate "1999.05.12"]

1. c4 e5 2. Nc3 Nc6 3. e3 g6 4. g3 Bg7 5. Bg2 d6 6. Nge2 f5 7. Nd5 Nf6 8. Nxf6+
Qxf6 9. Nc3 O-O 10. Nd5 Qf7 11. d3 Be6 12. O-O Kh8 13. f4 Rae8 14. Rb1 Nd8 15.
fxe5 dxe5 16. Qa4 c6 17. Nc3 e4 18. Nxe4 Qe7 19. Nf2 a6 20. b4 Bd7 21. Qc2 Nf7
22. Bd2 Be6 23. Bc3 Ne5 24. Qb2 Bg8 25. a4 Rd8 26. Qc2 Rd7 27. Rfe1 Rfd8 28.
Bxe5 Bxe5 29. b5 axb5 30. axb5 c5 31. d4 Bg7 32. d5 Re8 33. Nd3 Qd6 34. e4 Bd4+
35. Kh1 Rde7 36. e5 Bxe5 37. Rxe5 Rxe5 38. Qc3 Qf6 39. Bf1 R5e6 40. Qxf6+ Rxf6
41. Nxc5 b6 42. Nd3 g5 43. Re1 Re4 44. Kg1 Rxc4 45. Re8 Re4 46. Ne5 Kg7 47. Bg2
Rd4 48. Rd8 Rd1+ 49. Kf2 Rd2+ 50. Kg1 f4 51. Rd7+ Bf7 52. Ng4 f3 53. Bh3 f2+
0-1

[Event "Donau Open "]
[Site "Wien 10"]
[Date "1999.05.12"]
[Round "5.13"]
[White "Gruber, Reinhold"]
[Black "Wallner, Joachim"]
[Result "1/2-1/2"]
[WhiteElo "2158"]
[BlackElo "2290"]
[PlyCount "29"]
[EventDate "1999.05.12"]

1. d4 d5 2. Nf3 c6 3. c4 Nf6 4. e3 e6 5. Nbd2 Nbd7 6. b3 Bb4 7. Bd3 O-O 8. O-O
e5 9. dxe5 Bc3 10. Ba3 Nxe5 11. Nxe5 Bxe5 12. cxd5 Bxa1 13. Bxf8 Bc3 14. Ba3
cxd5 15. Qc2 1/2-1/2

[Event "Donau Open "]
[Site "Wien 10"]
[Date "1999.05.13"]
[Round "6.1"]
[White "Lau, Ralph"]
[Black "Steiner, Bruno"]
[Result "1-0"]
[WhiteElo "2453"]
[BlackElo "2175"]
[PlyCount "41"]
[EventDate "1999.05.13"]

1. d4 d5 2. c4 e6 3. Nf3 c6 4. Nc3 Nf6 5. Bg5 h6 6. Bh4 dxc4 7. e4 g5 8. Bg3
Bb4 9. Qc2 b5 10. Be2 g4 11. Ne5 Qxd4 12. O-O Bxc3 13. bxc3 Qxe4 14. Qd2 Nbd7
15. Rad1 O-O 16. f3 Qd5 17. Qxh6 Qc5+ 18. Kh1 Re8 19. Qg5+ Kh7 20. fxg4 Qf8 21.
Rxd7 1-0

[Event "Donau Open "]
[Site "Wien 10"]
[Date "1999.05.13"]
[Round "6.2"]
[White "Petran, Peter"]
[Black "Stanec, Nikolaus"]
[Result "0-1"]
[WhiteElo "2433"]
[BlackElo "2476"]
[PlyCount "74"]
[EventDate "1999.05.13"]

1. g3 c5 2. Bg2 Nc6 3. e4 g6 4. Ne2 Bg7 5. O-O Nf6 6. d4 cxd4 7. Nxd4 O-O 8.
Nxc6 dxc6 9. Nc3 Qb6 10. h3 Be6 11. Qe2 Nd7 12. a4 Qb4 13. Rd1 Rfd8 14. Qe1 Ne5
15. a5 Nc4 16. Ra4 Bxc3 17. Rxb4 Bxe1 18. Rxe1 Nxa5 19. f4 b6 20. g4 c5 21. Ra4
Bd7 22. Ra3 Bc6 23. h4 Rd7 24. Rh3 Rad8 25. Bf3 Nc4 26. Be2 Nd2 27. e5 Rd4 28.
f5 gxf5 29. gxf5 Kh8 30. Bxd2 Rxd2 31. f6 exf6 32. exf6 Re8 33. Kf2 Re6 34. Rd3
Rxf6+ 35. Ke3 Rxc2 36. Bg4 Rxb2 37. Rg1 Rg2 0-1

[Event "Donau Open "]
[Site "Wien 10"]
[Date "1999.05.13"]
[Round "6.3"]
[White "Weinzettl, Ernst"]
[Black "Tibensky, Robert"]
[Result "1/2-1/2"]
[WhiteElo "2420"]
[BlackElo "2427"]
[PlyCount "47"]
[EventDate "1999.05.13"]

1. e4 e6 2. d4 d5 3. Nc3 Nf6 4. Bg5 Bb4 5. Nge2 h6 6. Bxf6 Qxf6 7. a3 Bxc3+ 8.
Nxc3 dxe4 9. Nxe4 Qe7 10. Qd2 Bd7 11. O-O-O Bc6 12. Bd3 Nd7 13. Rhe1 O-O-O 14.
f4 Nf6 15. Qf2 Kb8 16. Nxf6 Qxf6 17. Re5 Rd6 18. Rf1 Qd8 19. c3 Bd5 20. Kb1 Qd7
21. f5 f6 22. fxe6 Bxe6 23. Re3 Rd8 24. Bf5 1/2-1/2

[Event "Donau Open "]
[Site "Wien 10"]
[Date "1999.05.13"]
[Round "6.4"]
[White "Mahdy, Khaled"]
[Black "Balinov, Ilia"]
[Result "0-1"]
[WhiteElo "2332"]
[BlackElo "2434"]
[PlyCount "54"]
[EventDate "1999.05.13"]

1. e4 c5 2. Nf3 Nc6 3. Bb5 g6 4. O-O Bg7 5. Bxc6 bxc6 6. e5 f6 7. Re1 fxe5 8.
Nxe5 d6 9. Nc4 Nf6 10. d4 Ba6 11. Nba3 O-O 12. dxc5 d5 13. Ne5 Qc7 14. f4 Rad8
15. c3 Nd7 16. Nxd7 Rxd7 17. Nc2 e5 18. Qg4 Rdf7 19. Nb4 Bc8 20. Qf3 Bf5 21.
Qf2 Be4 22. Nc2 g5 23. Rxe4 dxe4 24. Qe2 exf4 25. Qxe4 Qd7 26. Nb4 Qd1+ 27. Kf2
f3 0-1

[Event "Donau Open "]
[Site "Wien 10"]
[Date "1999.05.13"]
[Round "6.5"]
[White "Kantorik, Marian"]
[Black "Alvir, Aco"]
[Result "1-0"]
[WhiteElo "2327"]
[BlackElo "2408"]
[PlyCount "65"]
[EventDate "1999.05.13"]

1. d4 Nf6 2. c4 g6 3. Nc3 Bg7 4. e4 d6 5. Be2 O-O 6. Bg5 c5 7. d5 b5 8. cxb5 a6
9. a4 Qa5 10. Bd2 Qb4 11. f3 Qa5 12. Qc2 axb5 13. Bxb5 Na6 14. Nge2 Nb4 15. Qb3
Ba6 16. Bxa6 Qxa6 17. Nb5 Qb6 18. Be3 Nd7 19. O-O c4 20. Qa3 Bxb2 21. Bxb6 Bxa3
22. Bd4 Nc2 23. Nxa3 Nxa1 24. Rxa1 Rxa4 25. Nc3 Ra6 26. Ncb5 Rb8 27. Rc1 Ra4
28. Kf2 f6 29. f4 Kf7 30. Ke2 h5 31. Kd2 Rb7 32. Rb1 Nb8 33. Nxd6+ 1-0

[Event "Donau Open "]
[Site "Wien 10"]
[Date "1999.05.13"]
[Round "6.7"]
[White "Posch, Werner"]
[Black "Dueckstein, Andreas"]
[Result "1/2-1/2"]
[WhiteElo "2292"]
[BlackElo "2336"]
[PlyCount "61"]
[EventDate "1999.05.13"]

1. e4 c6 2. d3 d5 3. Nd2 g6 4. Ngf3 Bg7 5. g3 e5 6. Bg2 Ne7 7. O-O dxe4 8. dxe4
Be6 9. Ng5 Qd7 10. Nxe6 Qxe6 11. b3 O-O 12. Nc4 b5 13. Ne3 Na6 14. a4 Rfd8 15.
Qe2 Nc7 16. Bd2 Nc8 17. Ba5 Nb6 18. c4 bxc4 19. Nxc4 Rab8 20. Rac1 Rd7 21. Rc3
Bf8 22. Rfc1 Nxc4 23. Rxc4 c5 24. Bxc7 Rxc7 25. b4 Rbc8 26. Qe3 Rc6 27. bxc5
Qe7 28. Bh3 R8c7 29. Rd1 Rxc5 30. Rxc5 Qxc5 31. Qxc5 1/2-1/2

[Event "Donau Open "]
[Site "Wien 10"]
[Date "1999.05.13"]
[Round "6.9"]
[White "Gross, Georg"]
[Black "Kuciel, Wladyslaw"]
[Result "1/2-1/2"]
[WhiteElo "2360"]
[BlackElo "2154"]
[PlyCount "113"]
[EventDate "1999.05.13"]

1. d4 Nf6 2. Nf3 d5 3. c4 c6 4. g3 e6 5. Bg2 Nbd7 6. O-O Bd6 7. Nc3 O-O 8. Qb3
Qe7 9. Bf4 dxc4 10. Bxd6 Qxd6 11. Qxc4 b5 12. Qd3 Bb7 13. Rfd1 Rfd8 14. e4 Qe7
15. e5 Nd5 16. Nxd5 exd5 17. Nh4 g6 18. f4 Nf8 19. f5 a5 20. Qd2 Bc8 21. Bh3
gxf5 22. Bxf5 Ng6 23. Qh6 c5 24. Bxc8 Nxh4 25. Bg4 Ng6 26. dxc5 Qxc5+ 27. Kh1
Nxe5 28. Bf5 Ng6 29. Rd2 Re8 30. Rf1 Re5 31. Rc2 Qe7 32. Rcf2 Re1 33. h4 Rxf1+
34. Rxf1 Qe2 35. Kg1 Re8 36. Bxg6 hxg6 37. Qf4 Qe3+ 38. Rf2 Qxf4 39. gxf4 Re4
40. Kg2 Kg7 41. Kf3 Kf6 42. Rd2 Ke6 43. f5+ gxf5 44. Rh2 Kf6 45. h5 Kg7 46. h6+
Kh7 47. Rc2 Kxh6 48. Rc5 Rb4 49. b3 d4 50. Rxf5 Kg6 51. Rd5 Kf6 52. Ke4 a4 53.
bxa4 bxa4 54. Ra5 Kg6 55. a3 Rc4 56. Ra6+ f6 57. Ra5 1/2-1/2

[Event "Donau Open "]
[Site "Wien 10"]
[Date "1999.05.13"]
[Round "6.10"]
[White "Gruber, Reinhold"]
[Black "Kummer, Helmut"]
[Result "0-1"]
[WhiteElo "2158"]
[BlackElo "2321"]
[PlyCount "72"]
[EventDate "1999.05.13"]

1. d4 f5 2. c4 Nf6 3. Nc3 g6 4. h4 e6 5. Nf3 Bg7 6. Bf4 d6 7. e3 O-O 8. Qb3 h6
9. Be2 Qe7 10. Qa3 b6 11. Ne5 Qe8 12. Nd3 Bb7 13. Bf3 Bxf3 14. gxf3 Qc6 15. c5
Qxf3 16. Rg1 bxc5 17. dxc5 e5 18. Qb3+ Kh7 19. Bxe5 dxe5 20. Nxe5 Qh5 21. Ne2
Nbd7 22. Nf4 Nxe5 23. Nxh5 Nf3+ 24. Ke2 Nxg1+ 25. Rxg1 Nxh5 26. Qb7 Rab8 27.
Qxc7 Rxb2+ 28. Kf3 f4 29. e4 Rxa2 30. Rd1 Ra3+ 31. Kg2 f3+ 32. Kg1 Rf4 33. Qe7
Rg4+ 34. Kh1 Nf6 35. Re1 Rg2 36. c6 Rxf2 0-1

[Event "Donau Open "]
[Site "Wien 10"]
[Date "1999.05.13"]
[Round "6.11"]
[White "Novak, Ivan"]
[Black "Lehner, Erich"]
[Result "1-0"]
[WhiteElo "2296"]
[BlackElo "2097"]
[PlyCount "49"]
[EventDate "1999.05.13"]

1. e4 e6 2. Nf3 Nf6 3. e5 Nd5 4. d4 c6 5. Bd3 Be7 6. c4 Nb4 7. Be2 d5 8. exd6
Bxd6 9. Nc3 Nd7 10. Ne4 Nf6 11. Nxd6+ Qxd6 12. O-O b6 13. a3 Na6 14. Ne5 Nd7
15. Bf4 Nxe5 16. Bxe5 Qf8 17. d5 exd5 18. cxd5 Qc5 19. Bxg7 Rg8 20. Bd4 Qxd5
21. Bf3 Qd6 22. Re1+ Be6 23. Qa4 Nc7 24. Be5 Qd8 25. Qxc6+ 1-0